000 00797nam a2200205 i 4500
001 17965
003 ES-MaACL
005 20230906151728.0
007 t|
008 010706s1990 sp |||| | spa d
080 _a308(460.183)"18"
100 1 _aGarcía Colmenares, Pablo.
_954375
245 1 3 _aLa sociedad palentina en el siglo XIX
_b: un acercamiento metodológico /
_cPablo García Colmenares.
260 _aPalencia :
_bDiputación Provincial, Departamento de Cultura,
_c[1990]
300 _ap. [651]-683 ;
_c25 cm.
595 _aSeparata del t. III (v. II) de las Actas del II Congreso de Historia de Palencia.
651 4 _aPalencia (Provincia)-
_xSituación social-
_yS.XIX.
_9167815
710 1 _aPalencia (Provincia).
_bDiputación Provincial.
_96107
852 _aES-MaACL
_j2164-F-15
999 _c17965
_d17965